|
|
|
|
| LEADER |
00000nab a2200000 a 4500 |
| 001 |
vtls008888193 |
| 003 |
SK-MaSNL |
| 005 |
20260303061755.0 |
| 008 |
140301c2006 xo qr|p|||||||000 b|slo |
| 015 |
|
|
|a SNBRB2006/11
|2 snkbucl
|
| 038 |
|
|
|a SNKBUCL
|
| 040 |
|
|
|a SNKBUCL
|b slo
|c SNKBUCL
|e AACR2
|
| 041 |
0 |
|
|a slo
|
| 044 |
|
|
|a xo
|c SK
|
| 080 |
|
|
|a 78.071.1/.2:784.66:786.2
|2 2001
|
| 100 |
1 |
|
|a Chrobák, Martin,
|d 1964-
|4 aut
|4 ivr
|9 134172
|
| 245 |
1 |
0 |
|a Hommage a Marián Varga
|c Martin Chrobák
|
| 300 |
|
|
|b Fotogr.
|
| 600 |
1 |
7 |
|a Varga, Marián,
|d 1947-2017
|2 snkbucl
|9 100023
|
| 630 |
0 |
7 |
|a Hommage a Marián Varga (nahrávka CD)
|2 snkbucl
|9 1056511
|
| 700 |
1 |
|
|a Varga, Marián,
|d 1947-2017
|4 aut
|9 100023
|
| 773 |
0 |
|
|t Hudba
|g Roč. I, č. IV. Q (2006), s. 80-81
|x 1336-8044
|
| 852 |
|
|
|a SNK
|b KIS3GCP
|
| 958 |
|
|
|a SK
|
| 999 |
|
|
|c 1736749
|d 1738679
|